Malaysian taxation / (Record no. 54)
[ view plain ]
| 000 -LEADER | |
|---|---|
| fixed length control field | nam a22 a 4500 |
| 003 - CONTROL NUMBER IDENTIFIER | |
| control field | AKMAL |
| 005 - DATE AND TIME OF LATEST TRANSACTION | |
| control field | 20170413143529.0 |
| 008 - FIXED-LENGTH DATA ELEMENTS--GENERAL INFORMATION | |
| fixed length control field | 170413s1997 myw 00 eng d |
| 040 ## - CATALOGING SOURCE | |
| Original cataloging agency | AKMAL |
| 090 ## - LOCALLY ASSIGNED LC-TYPE CALL NUMBER (OCLC); LOCAL CALL NUMBER (RLIN) | |
| Classification number (OCLC) (R) ; Classification number, CALL (RLIN) (NR) | 343.04026595 |
| Local cutter number (OCLC) ; Book number/undivided call number, CALL (RLIN) | CHI |
| 100 1# - MAIN ENTRY--PERSONAL NAME | |
| Personal name | Chin, Yoong Kheong |
| 9 (RLIN) | 191 |
| 245 10 - TITLE STATEMENT | |
| Title | Malaysian taxation / |
| Statement of responsibility, etc. | Chin Yoong Kheong |
| 250 ## - EDITION STATEMENT | |
| Edition statement | 4th ed |
| 260 ## - PUBLICATION, DISTRIBUTION, ETC. | |
| Place of publication, distribution, etc. | Kuala Lumpur : |
| Name of publisher, distributor, etc. | Butterworhts Asia, |
| Date of publication, distribution, etc. | 1997 |
| 300 ## - PHYSICAL DESCRIPTION | |
| Extent | xxix, 803p. ; |
| Dimensions | 25cm |
| 500 ## - GENERAL NOTE | |
| General note | Includes index |
| 650 ## - SUBJECT ADDED ENTRY--TOPICAL TERM | |
| Topical term or geographic name entry element | Taxation |
| Geographic subdivision | Malaysia |
| 9 (RLIN) | 179 |
| 650 ## - SUBJECT ADDED ENTRY--TOPICAL TERM | |
| Topical term or geographic name entry element | Tax administration and procedure |
| Geographic subdivision | Malaysia |
| 9 (RLIN) | 182 |
| 942 ## - ADDED ENTRY ELEMENTS (KOHA) | |
| Source of classification or shelving scheme | |
| Koha item type | Book |
| Withdrawn status | Lost status | Source of classification or shelving scheme | Damaged status | Not for loan | Collection code | Home library | Current library | Shelving location | Date acquired | Inventory number | Total Checkouts | Full call number | Barcode | Date last seen | Price effective from | Koha item type |
|---|---|---|---|---|---|---|---|---|---|---|---|---|---|---|---|---|
| NON-FICTION | AKMAL Melaka | AKMAL Melaka | PINJAMAN | 13.04.2017 | 303108 | 343.04026595 CHI | 201700093 | 13.04.2017 | 13.04.2017 | Book |
